| 000 | 01517cam a2200385 i 4500 | ||
|---|---|---|---|
| 999 |
_c535254 _d535254 |
||
| 001 | 20497938 | ||
| 003 | NUST | ||
| 005 | 20200901161327.0 | ||
| 008 | 180516s2020 maua b 001 0 eng | ||
| 010 | _a 2018022624 | ||
| 020 |
_a9781284143911 _q(perfect ; _qalk. paper) |
||
| 038 | _aMSOHAIL | ||
| 040 |
_aDLC _beng _cDLC _erda _dDLC |
||
| 042 | _apcc | ||
| 050 | 0 | 0 |
_aT55.3.H3 _bH377 2020 |
| 082 | 0 | 0 |
_a628.530287 _223 _bHAW |
| 100 | 1 |
_aHawley, Chris, _eauthor. _929720 |
|
| 240 | 1 | 0 | _aHazardous materials air monitoring and detection devices |
| 245 | 1 | 0 |
_aHazardous materials monitoring and detection devices / _cChristopher Hawley. |
| 250 | _aThird edition. | ||
| 264 | 1 |
_aBurlington, MA : _bJones & Bartlett Learning, _c[2020] |
|
| 300 |
_a227 pages : _bcolor illustrations ; _c28 cm |
||
| 336 |
_atext _btxt _2rdacontent |
||
| 337 |
_aunmediated _bn _2rdamedia |
||
| 338 |
_avolume _bnc _2rdacarrier |
||
| 500 | _aPrevious edition bears title: Hazardous materials air monitoring and detection devices. | ||
| 504 | _aIncludes bibliographical references and index. | ||
| 650 | 0 |
_aHazardous substances. _96387 |
|
| 650 | 0 |
_aAir _xPollution _xMeasurement. _929721 |
|
| 650 | 0 |
_aAir sampling apparatus. _929722 |
|
| 650 | 0 |
_aChemical detectors. _929723 |
|
| 906 |
_a7 _bcbc _corignew _d1 _eecip _f20 _gy-gencatlg |
||
| 942 |
_2ddc _cBK |
||